000 01321nam a22002657a 4500
005 20100319094942.0
008 100319t xxu||||| |||| 00| 0 hin d
010 _aHIN-89171
020 _c200.00
_a9788190483001
035 _aHN-61517
037 _bDBAD / PUB
040 _aDPL
_bHN
082 _a821
245 _aआज की लोकप्रिय कवयित्रियाँ /
_cगोपाल दास नीरज एवं किरन सिंह द्वारा संपादित
246 _aAaj ki Lokpriya Kavyitriyana
_bed by Gopal Das Niraj & Kiran Singh
260 _aनई दिल्ली
_bग्लोबल विजन पब्लिशर्स
_c2009
270 _aW-112, ग्रेटर कैलाश, पार्ट-1
_bनई दिल्ली
_e110048
300 _a151पृ
_c22सेमी (सजिल्द)
_bसचित्र
650 _aहिन्दी कविताएँ
_94719
650 _aHindi poetry
_9698
700 _aगोपाल दास नीरज
_94720
700 _aसिंह, किरन
_94721
942 _2ddc
_cHN
_mआजकी
_h821
999 _c34781
_d34781